[Rezension von: Landrock, Christian, 1987-, Nach dem Kriege]
Gespeichert in:
| Veröffentlicht in: | Sehepunkte 23(2023), 12 |
|---|---|
| VerfasserIn: | |
| Mitwirkende: | |
| Dokumenttyp: | Online-Ressource Aufsatz |
| Sprache: | German |
| Veröffentlicht: |
2023
|
| Schlagwörter: | |
| Online Zugang: | kostenfrei |
| Bibliogr. Hinweis: | Enthalten in:
Sehepunkte Rezension von: Nach dem Kriege |
| LEADER | 04836naa a2200733 c 4500 | ||
|---|---|---|---|
| 001 | 1876246367 | ||
| 003 | DE-627 | ||
| 005 | 20231215163344.0 | ||
| 007 | cr uuu---uuuuu | ||
| 008 | 231215s2023 xx |||||oo 00| ||ger c | ||
| 035 | |a (DE-627)1876246367 | ||
| 035 | |a (DE-599)KXP1876246367 | ||
| 040 | |a DE-627 |b ger |c DE-627 |e rda | ||
| 041 | |a ger | ||
| 084 | |a NZ 12320 |q DE-2620/23 |2 rvk |0 (DE-625)rvk/132490: | ||
| 084 | |a NZ 12340 |q DE-2620/23 |2 rvk |0 (DE-625)rvk/132491: | ||
| 084 | |a NZ 15320 |q DE-2620/23 |2 rvk |0 (DE-625)rvk/132624: | ||
| 084 | |a NR 6740 |q DE-2620/23 |2 rvk |0 (DE-625)rvk/129664: | ||
| 084 | |a NN 3900 |q DE-2620/23 |2 rvk |0 (DE-625)rvk/126859: | ||
| 100 | 1 | |a Hoffmann-Rehnitz, Philip |e VerfasserIn |0 (DE-588)1078117829 |0 (DE-627)837992567 |0 (DE-576)448937816 |4 aut | |
| 245 | 1 | 0 | |a [Rezension von: Landrock, Christian, 1987-, Nach dem Kriege] |
| 264 | 1 | |c 2023 | |
| 300 | |b Illustration | ||
| 336 | |a Text |b txt |2 rdacontent | ||
| 337 | |a Computermedien |b c |2 rdamedia | ||
| 338 | |a Online-Ressource |b cr |2 rdacarrier | ||
| 655 | 7 | |a Rezension |0 (DE-588)4049712-4 |0 (DE-627)106186019 |0 (DE-576)209083166 |2 gnd-content | |
| 689 | 0 | 0 | |d g |0 (DE-588)4051176-5 |0 (DE-627)106178245 |0 (DE-576)209091789 |a Sachsen |2 gnd |
| 689 | 0 | 1 | |d s |0 (DE-588)4012985-8 |0 (DE-627)10634580X |0 (DE-576)208901345 |a Dreißigjähriger Krieg |2 gnd |
| 689 | 0 | 2 | |d s |0 (DE-588)4011412-0 |0 (DE-627)106352881 |0 (DE-576)208893407 |a Demographie |2 gnd |
| 689 | 0 | 3 | |d s |0 (DE-588)4055409-0 |0 (DE-627)104688963 |0 (DE-576)209113723 |a Soldat |2 gnd |
| 689 | 0 | 4 | |d s |0 (DE-588)4060749-5 |0 (DE-627)106138529 |0 (DE-576)209136456 |a Psychisches Trauma |2 gnd |
| 689 | 0 | 5 | |d s |0 (DE-588)4020517-4 |0 (DE-627)106317768 |0 (DE-576)208933697 |a Geschichte |2 gnd |
| 689 | 0 | |5 (DE-627) | |
| 689 | 1 | 0 | |d g |0 (DE-588)4068262-6 |0 (DE-627)10474345X |0 (DE-576)209173297 |a Zwickau |2 gnd |
| 689 | 1 | 1 | |d s |0 (DE-588)4065958-6 |0 (DE-627)106116185 |0 (DE-576)209161728 |a Wiederaufbau |2 gnd |
| 689 | 1 | 2 | |d s |0 (DE-588)4447164-6 |0 (DE-627)225830361 |0 (DE-576)212531042 |a Katastrophenmanagement |2 gnd |
| 689 | 1 | 3 | |a z |2 gnd |a Geschichte 1645-1670 |
| 689 | 1 | |5 (DE-627) | |
| 700 | 1 | |a Landrock, Christian |d 1987- |e VerfasserIn des Bezugswerks |0 (DE-588)117088380X |0 (DE-627)1040199259 |0 (DE-576)512690596 |4 ant | |
| 773 | 0 | 8 | |i Enthalten in |t Sehepunkte |d München : Ludwig-Maximilians-Univ., 2001 |g 23(2023), 12 |h Online-Ressource |w (DE-627)33678273X |w (DE-600)2062440-2 |w (DE-576)117978736 |x 1618-6168 |7 nnas |
| 773 | 1 | 8 | |g volume:23 |g year:2023 |g number:12 |
| 787 | 0 | 8 | |i Rezension von |a Landrock, Christian, 1987 - |t Nach dem Kriege |d Leipzig : Leipziger Universitätsverlag, 2022 |h 375 Seiten |w (DE-627)1831218208 |z 9783960234913 |z 3960234910 |
| 856 | 4 | 0 | |u https://www.sehepunkte.de/2023/12/37895.html |x Verlag |z kostenfrei |7 0 |
| 935 | |a SAXB | ||
| 936 | r | v | |a NZ 12320 |b Johann Georg I (1611 - 1650) |k Geschichte |k Regionale Landeskunde |k Landesgeschichte Sachsen |k Geschichte Sachsens nach Zeitabschnitten |k Wettiner (1423 - 1806) |k Albertinische Kurfürsten (1541 - 1806) |k Johann Georg I (1611 - 1650) |0 (DE-627)1272126404 |0 (DE-625)rvk/132490: |0 (DE-576)202126404 |
| 936 | r | v | |a NZ 12340 |b Johann Georg II (1656 - 1680) |k Geschichte |k Regionale Landeskunde |k Landesgeschichte Sachsen |k Geschichte Sachsens nach Zeitabschnitten |k Wettiner (1423 - 1806) |k Albertinische Kurfürsten (1541 - 1806) |k Johann Georg II (1656 - 1680) |0 (DE-627)1272126412 |0 (DE-625)rvk/132491: |0 (DE-576)202126412 |
| 936 | r | v | |a NZ 15320 |b Einzelne Zeiträume |k Geschichte |k Regionale Landeskunde |k Landesgeschichte Sachsen |k Orts- und Regionalgeschichte |k Ortsgeschichte |k Zwickau |k Einzelne Zeiträume |0 (DE-627)1271276941 |0 (DE-625)rvk/132624: |0 (DE-576)201276941 |
| 936 | r | v | |a NR 6740 |b Zwickau |k Geschichte |k Landes- und Stadtgeschichte (Allgemeine, Deutsche und Österreichische Landes- und Stadtgeschichte, Ausländische Stadtgeschichte, Geschichte der Auslanddeutschen) |k Deutsche Landesgeschichte im Einzelnen (einschl. ehemaliger deutscher Gebiete) |k Thüringen, Sachsen, Sachsen-Anhalt |k Stadtgeschichte |k Einzelne Städte |k Städte Z |k Zwickau |0 (DE-627)1271563738 |0 (DE-625)rvk/129664: |0 (DE-576)201563738 |
| 936 | r | v | |a NN 3900 |b Einzelne deutsche Territorien und Städte |k Geschichte |k Neuere Geschichte |k Zeitalter der Gegenreformation und des Dreißigjährigen Krieges (1555 - 1648) |k Dreißigjähriger Krieg |k Einzelne deutsche Territorien und Städte |0 (DE-627)1271466228 |0 (DE-625)rvk/126859: |0 (DE-576)201466228 |
| 951 | |a AR | ||
| 994 | |u https://www.sehepunkte.de/2023/12/37895.html | ||
| 990 | |a Sachsen | ||
| 990 | |a Dreißigjähriger Krieg | ||
| 990 | |a Demographie | ||
| 990 | |a Soldat | ||
| 990 | |a Psychisches Trauma | ||
| 990 | |a Geschichte | ||
| 990 | |a Zwickau | ||
| 990 | |a Wiederaufbau | ||
| 990 | |a Katastrophenmanagement | ||
| 990 | |a Geschichte 1645-1670 | ||
| 991 | |a Rezension (Monographie, Zeitschrift, Aufsatz) | ||
| 999 | |a KXP-PPN1876246367 |e 4978820642 | ||


